Les grandes crises financières de la France / (Record no. 153575)

MARC details
000 -LEADER
campo de control de longitud fija 00629nam a22001935i 4500
001 - NÚMERO DE CONTROL
campo de control 153575
003 - IDENTIFICADOR DE NÚMERO DE CONTROL
campo de control ES-MaACL
005 - FECHA Y HORA DE LA ÚLTIMA TRANSACCIÓN
campo de control 20230906205306.0
008 - DATOS DE LONGITUD FIJA--INFORMACIÓN GENERAL
campo de control de longitud fija 050627s1876 fr | |||||||| ||fre d
040 ## - FUENTE DE CATALOGACIÓN
Centro catalogador/agencia de origen CAM
Lengua de catalogación spa
Centro/agencia transcriptor CAM
100 1# - ENTRADA PRINCIPAL--NOMBRE DE PERSONA
Nombre de persona Du Puynode, Gustave.
9 (RLIN) 126852
245 14 - MENCIÓN DEL TÍTULO
Título Les grandes crises financières de la France /
Mención de responsabilidad, etc. par M. Gustave du Puynode.
260 ## - PUBLICACIÓN, DISTRIBUCIÓN, ETC.
Lugar de publicación, distribución, etc. Paris :
Nombre del editor, distribuidor, etc. Guillaumin et Cie.,
Fecha de publicación, distribución, etc. 1876 (
Lugar de fabricación/manufactura Corbeil :
Fabricante Typ. et stér. de Crété Fils)
300 ## - DESCRIPCIÓN FÍSICA
Extensión XXVIII, 401 p.
650 #4 - PUNTO DE ACCESO ADICIONAL DE MATERIA--TÉRMINO DE MATERIA
Término de materia o nombre geográfico como elemento de entrada Economía-
Subdivisión general Crisis financieras.
9 (RLIN) 222072
852 ## - LOCALIZACIÓN
Ubicación ES-MaACL
Número de control de estantería C-2666
Nota libre -- Enc. hol.
Holdings
Estatus retirado Estado de pérdida Estado de daño No para préstamo Colección Biblioteca de origen Biblioteca actual Ubicación en estantería Fecha de adquisición Fuente de adquisición Total de préstamos Signatura topográfica completa Código de barras Visto por última vez Precio de reemplazo Tipo de ítem Koha
        Libros del s. XIX Biblioteca del Ateneo de Madrid Biblioteca del Ateneo de Madrid Sala Palomar 17/01/2008     C-2666 1160541 23/02/2023 23/02/2023 Libro impreso antiguo